Online
Catalog

Peor que la guerra : (Record no. 46086)

MARC details
000 -CABECERA
campo de control de longitud fija 00970nam a2200277 u 4500
001 - NÚMERO DE CONTROL
campo de control 000046597
005 - FECHA Y HORA DE LA ÚLTIMA TRANSACCIÓN
campo de control 20260209105410.0
008 - DATOS DE LONGITUD FIJA--INFORMACIÓN GENERAL
campo de control de longitud fija 170124s2010 sp r 001 0 spa d
020 ## - NÚMERO INTERNACIONAL ESTÁNDAR DEL LIBRO
Número Internacional Estándar del Libro 9788430607785
082 ## - NÚMERO DE LA CLASIFICACIÓN DECIMAL DEWEY
Número de clasificación 364.151
Número de documento/Ítem G618p
040 ## - FUENTE DE LA CATALOGACIÓN
Centro catalogador/agencia de origen DO-SdBNP
100 1# - ENTRADA PRINCIPAL--NOMBRE DE PERSONA
Nombre de persona Goldhagen, Daniel Jonah
Fechas asociadas al nombre 1959-
9 (RLIN) 74572
240 10 - TÍTULO UNIFORME
Título uniforme Worse than war
Lenguaje de la obra Español
245 10 - MENCIÓN DE TÍTULO
Título Peor que la guerra :
Resto del título genocidio, eliminacionismo y la continua agresión contra la humanidad /
Mención de responsabilidad, etc. Daniel Jonah Goldhagen ; traducción de Alejandro Pradera.
260 ## - PUBLICACIÓN, DISTRIBUCIÓN, ETC.
Lugar de publicación, distribución, etc. Madrid :
Nombre del editor, distribuidor, etc. Taurus,
Fecha de publicación, distribución, etc. 2010.
300 ## - DESCRIPCIÓN FÍSICA
Extensión 707 p. :
Otras características físicas il., mapas ;
Dimensiones 24 cm.
500 ## - NOTA GENERAL
Nota general Incluye índice
500 ## - NOTA GENERAL
Nota general Incluye bibliografía y notas al pie de las páginas
560 #4 -
-- RACISMO
650 #4 - PUNTO DE ACCESO ADICIONAL DE MATERIA--TÉRMINO DE MATERIA
Término de materia o nombre geográfico como elemento de entrada Genocidio
Subdivisión general Aspectos psicológicos
9 (RLIN) 74573
650 #4 - PUNTO DE ACCESO ADICIONAL DE MATERIA--TÉRMINO DE MATERIA
Término de materia o nombre geográfico como elemento de entrada Genocidio
Subdivisión general Prevención
9 (RLIN) 74574
650 #0 - PUNTO DE ACCESO ADICIONAL DE MATERIA--TÉRMINO DE MATERIA
Término de materia o nombre geográfico como elemento de entrada Prejuicios
9 (RLIN) 23101
650 #4 - PUNTO DE ACCESO ADICIONAL DE MATERIA--TÉRMINO DE MATERIA
Término de materia o nombre geográfico como elemento de entrada Odio
9 (RLIN) 19052
650 #4 - PUNTO DE ACCESO ADICIONAL DE MATERIA--TÉRMINO DE MATERIA
Término de materia o nombre geográfico como elemento de entrada Identidad
9 (RLIN) 12692
700 12 - PUNTO DE ACCESO ADICIONAL--NOMBRE DE PERSONA
Nombre de persona Pradera, Alejandro
Término indicativo de función/relación tr.
9 (RLIN) 74575

No items available.

Powered by Koha